000 00374nam a22001697a 4500
003 UA-OsUOA
001 5956
007 ta
008 20050721b un ||||| |||| 00| 0 ukr d
100 _aWindsor
700 _aMerrill
942 _cBK
040 _aUA-OsUOA
_cUA-OsUOA
_dUA-OsUOA
245 _aOn the Brink of Tomorrow: Frontiers of Science.
955 _a2
650 7 _2UDC
999 _c292118
_d292118